000
00377nam a22001697a 4500
003
MPLRDC
005
20220104144044.0
008
210129b ||||| |||| 00| 0 eng d
082
_a
239 QZ
100
_a
不详
245
_a
七真修行史传
_c
250
_a
初版
260
_a
_b
圣德宝宫
_c
1990
300
_b
平
650
_a
道教传记
942
_c
BK
_o
239 QZ
999
_c
45964
_d
45954